<?xml version="1.0" encoding="UTF-8"?>
<collection xmlns="http://www.loc.gov/MARC21/slim">
<record>
  <controlfield tag="001">955</controlfield>
  <datafield tag="088" ind1=" " ind2=" ">
    <subfield code="a">WY0038</subfield>
  </datafield>
  <datafield tag="260" ind1=" " ind2=" ">
    <subfield code="c">1905</subfield>
  </datafield>
  <datafield tag="980" ind1=" " ind2=" ">
    <subfield code="a">59476936857</subfield>
  </datafield>
  <datafield tag="520" ind1=" " ind2=" ">
    <subfield code="a">Birds Landing Baseball Team, ca. 1905. Bottom row: ???, Bob Fisher; Second row: ???, Gene Sullivan, ???, Wm. Sullivan, Millican ??; Top row: ???, ???, Herb Daniels, Frank Larsen.</subfield>
  </datafield>
  <datafield tag="960" ind1=" " ind2=" ">
    <subfield code="a">wy</subfield>
  </datafield>
</record>
</collection>